[Event "Bolzano op"]
[Site "Bolzano"]
[Date "2000.07.15"]
[Round "1"]
[White "Mukic, Josko"]
[Black "Epishin, Vladimir"]
[Result "0-1"]
[WhiteElo "2278"]
[BlackElo "2667"]
[PlyCount "32"]
[EventDate "2000.07.15"]
[Source "ChessBase"]
[SourceDate "1999.11.18"]

1. d4 Nf6 2. Bg5 e6 3. Nd2 Be7 4. e3 O-O 5. Bd3 d6 6. Ngf3 Nbd7 7. c3 e5 8. Qc2
h6 9. h4 exd4 10. exd4 Ng4 11. Nc4 Re8 12. O-O-O hxg5 13. hxg5 Bxg5+ 14. Kb1
Bh6 15. Nh4 Ndf6 16. f3 b5 0-1

[Event "Bolzano op"]
[Site "Bolzano"]
[Date "2000.07.15"]
[Round "1"]
[White "Nikolaidis, Ioannis"]
[Black "Drabke, Lorenz"]
[Result "1/2-1/2"]
[WhiteElo "2530"]
[BlackElo "2149"]
[PlyCount "68"]
[EventDate "2000.07.15"]
[Source "ChessBase"]
[SourceDate "1999.11.18"]

1. d4 d5 2. c4 c6 3. Nf3 Nf6 4. Qc2 dxc4 5. Qxc4 Bf5 6. g3 e6 7. Bg2 Nbd7 8.
O-O Be7 9. e3 O-O 10. Nc3 Ne4 11. Qe2 Qa5 12. Bd2 Nxd2 13. Nxd2 Rac8 14. e4 Bg6
15. h4 h6 16. Rfd1 Rfd8 17. Bf3 Bf6 18. Nc4 Qa6 19. Rac1 Nb6 20. Ne5 Qxe2 21.
Bxe2 c5 22. Nxg6 cxd4 23. Nb5 Rxc1 24. Rxc1 fxg6 25. Bd3 a6 26. Na3 Rc8 27.
Rxc8+ Nxc8 28. f4 e5 29. fxe5 Bxe5 30. Kg2 Ne7 31. Bc4+ Kf8 32. Nc2 Nc6 33. Ne1
Ke7 34. Nd3 Kd6 1/2-1/2

[Event "Bolzano op"]
[Site "Bolzano"]
[Date "2000.07.15"]
[Round "1"]
[White "Ortega, Lexy"]
[Black "Rossi, Giampiero"]
[Result "1-0"]
[WhiteElo "2479"]
[BlackElo "2078"]
[PlyCount "45"]
[EventDate "2000.07.15"]
[Source "ChessBase"]
[SourceDate "1999.11.18"]

1. d4 d5 2. c4 e6 3. Nf3 Nf6 4. Nc3 Nbd7 5. e3 c6 6. Bd3 Be7 7. O-O O-O 8. e4
dxc4 9. Bxc4 b5 10. Bd3 a6 11. e5 Nd5 12. Ne4 Bb7 13. Nfg5 h6 14. Qh5 c5 15.
Nh7 Re8 16. Neg5 Bxg5 17. Bxg5 Ne7 18. Rfe1 cxd4 19. f3 Qb6 20. Nf6+ Nxf6 21.
exf6 Qc5 22. h4 gxf6 23. Bh7+ 1-0

[Event "Bolzano op"]
[Site "Bolzano"]
[Date "2000.07.15"]
[Round "1"]
[White "Ruzzier, Dario"]
[Black "Farago, Ivan"]
[Result "0-1"]
[WhiteElo "2080"]
[BlackElo "2467"]
[PlyCount "82"]
[EventDate "2000.07.15"]
[Source "ChessBase"]
[SourceDate "1999.11.18"]

1. d4 Nf6 2. c4 e6 3. Nc3 Bb4 4. e3 O-O 5. Bd3 d5 6. Nf3 Nc6 7. O-O a6 8. a3
dxc4 9. Bxc4 Bd6 10. e4 e5 11. Be3 exd4 12. Nxd4 Ng4 13. g3 Nxe3 14. fxe3 Ne5
15. Be2 Qg5 16. Nd5 Bh3 17. Rf2 Rad8 18. Nf4 Bc8 19. Qb3 c6 20. Raf1 Kh8 21.
Nf5 g6 22. Nh3 Qf6 23. Nh6 Qe6 24. Qxe6 fxe6 25. Ng5 Rxf2 26. Rxf2 Kg7 27. Nhf7
Nxf7 28. Rxf7+ Kg8 29. Rxh7 Be5 30. Rh6 Kg7 31. Rh7+ Kf6 32. Nf7 Rd7 33. Rh8
Kxf7 34. Rxc8 Rd2 35. Kf2 Rxb2 36. Rd8 c5 37. Kf3 g5 38. Bc4 b5 39. Bf1 c4 40.
Ra8 c3 41. Rc8 Rd2 0-1

[Event "Bolzano op"]
[Site "Bolzano"]
[Date "2000.07.15"]
[Round "1"]
[White "Sax, Gyula"]
[Black "Trabert, Bettina"]
[Result "1-0"]
[WhiteElo "2609"]
[BlackElo "2273"]
[PlyCount "91"]
[EventDate "2000.07.15"]
[Source "ChessBase"]
[SourceDate "1999.11.18"]

1. e4 e5 2. Nf3 Nc6 3. Bb5 a6 4. Ba4 Nf6 5. O-O Be7 6. Re1 b5 7. Bb3 d6 8. c3
O-O 9. h3 Nb8 10. d3 Nbd7 11. Nbd2 Bb7 12. Nf1 Nc5 13. Bc2 Re8 14. b4 Ne6 15.
Ng3 g6 16. Bd2 c6 17. d4 Qc7 18. Bb3 Bf8 19. Ng5 Bc8 20. f4 exf4 21. Bxf4 h6
22. Nxe6 Bxe6 23. Qf3 Nh7 24. e5 d5 25. Bc2 Qe7 26. Ne2 a5 27. a3 Ra7 28. Qg3
Rea8 29. Bd2 Bg7 30. Nf4 Nf8 31. Rf1 axb4 32. cxb4 Ra6 33. Rf3 Qa7 34. Qf2 Re8
35. Rf1 Re7 36. Bc1 Rb6 37. Kh1 Rb8 38. Rg3 Qd7 39. Nh5 Nh7 40. Nxg7 Kxg7 41.
Qf4 h5 42. Qh6+ Kg8 43. Bxg6 fxg6 44. Rxg6+ Kh8 45. Bg5 Rf7 46. Rxf7 1-0

[Event "Bolzano op"]
[Site "Bolzano"]
[Date "2000.07.16"]
[Round "2"]
[White "Astengo, Marcello"]
[Black "De Eccher, Stefano"]
[Result "0-1"]
[WhiteElo "2032"]
[BlackElo "2256"]
[PlyCount "70"]
[EventDate "2000.07.15"]
[Source "ChessBase"]
[SourceDate "1999.11.18"]

1. d4 g6 2. c4 f5 3. Nc3 Nf6 4. Bg5 Bg7 5. e3 O-O 6. Bd3 d6 7. Nf3 Nc6 8. d5
Ne5 9. Nxe5 dxe5 10. e4 h6 11. Bd2 f4 12. f3 g5 13. Qe2 a6 14. O-O-O e6 15. Kb1
Qd6 16. Rc1 Bd7 17. Rhd1 Rfb8 18. g3 exd5 19. c5 Qe7 20. Nxd5 Nxd5 21. exd5 Rf8
22. g4 Rae8 23. Qe4 Rf6 24. Bb4 c6 25. d6 Qf7 26. Bc3 Be6 27. b3 Bd5 28. Qe2 e4
29. Bxe4 Bxe4+ 30. fxe4 f3 31. Qe3 f2 32. Rf1 Rf3 33. Qd2 Bxc3 34. Rxc3 Rxc3
35. Qxc3 Rxe4 0-1

[Event "Bolzano op"]
[Site "Bolzano"]
[Date "2000.07.16"]
[Round "2"]
[White "Baquero, Luis A"]
[Black "Ruzzier, Dario"]
[Result "1-0"]
[WhiteElo "2303"]
[BlackElo "2080"]
[PlyCount "53"]
[EventDate "2000.07.15"]
[Source "ChessBase"]
[SourceDate "1999.11.18"]

1. d4 d5 2. c4 e6 3. Nc3 c5 4. cxd5 exd5 5. Nf3 Nc6 6. g3 Nf6 7. Bg2 Be7 8. O-O
O-O 9. Bg5 cxd4 10. Nxd4 h6 11. Be3 Re8 12. Qb3 Na5 13. Qc2 Nc4 14. Bf4 a6 15.
Nxd5 Nxd5 16. Qxc4 Nxf4 17. gxf4 Bf6 18. e3 Qb6 19. a4 Bd7 20. a5 Qa7 21. Qc7
Bxd4 22. Qxd7 Bxb2 23. Rab1 Rad8 24. Qg4 Rd2 25. Rfd1 Bc3 26. Rxd2 Bxd2 27. Qd7
1-0

[Event "Bolzano op"]
[Site "Bolzano"]
[Date "2000.07.16"]
[Round "2"]
[White "Drabke, Lorenz"]
[Black "Bertagnolli, Alexander"]
[Result "1/2-1/2"]
[WhiteElo "2149"]
[BlackElo "2191"]
[PlyCount "29"]
[EventDate "2000.07.15"]
[Source "ChessBase"]
[SourceDate "1999.11.18"]

1. e4 g6 2. d4 c6 3. Nc3 d5 4. Nf3 Bg4 5. Be3 Nf6 6. h3 Bxf3 7. Qxf3 Bg7 8. Bd3
dxe4 9. Nxe4 Nxe4 10. Qxe4 Nd7 11. c3 O-O 12. O-O Nf6 13. Qf3 Qb6 14. Qe2 Nd5
15. Rab1 1/2-1/2

[Event "Bolzano op"]
[Site "Bolzano"]
[Date "2000.07.16"]
[Round "2"]
[White "Epishin, Vladimir"]
[Black "Ortega, Lexy"]
[Result "1/2-1/2"]
[WhiteElo "2667"]
[BlackElo "2479"]
[PlyCount "63"]
[EventDate "2000.07.15"]
[Source "ChessBase"]
[SourceDate "1999.11.18"]

1. d4 d5 2. c4 c6 3. Nc3 e5 4. e3 e4 5. Bd2 Nf6 6. Rc1 Be7 7. Nh3 O-O 8. Nf4
dxc4 9. Bxc4 Bd6 10. Nh5 Nbd7 11. Ng3 Bxg3 12. fxg3 Nb6 13. Be2 Nfd5 14. O-O f5
15. g4 f4 16. exf4 e3 17. Be1 Nxf4 18. Bg3 Nxe2+ 19. Qxe2 Rxf1+ 20. Rxf1 Qxd4
21. Rd1 Qf6 22. Rd3 Be6 23. Rxe3 Bc4 24. Qf3 Qd4 25. Qf2 Qxg4 26. h3 Qg6 27.
Be5 Rf8 28. Qh4 Qf5 29. Bd6 Qf6 30. Qg3 Rc8 31. Be5 Qg6 32. Qh4 1/2-1/2

[Event "Bolzano op"]
[Site "Bolzano"]
[Date "2000.07.16"]
[Round "2"]
[White "Rossi, Giampiero"]
[Black "Mukic, Josko"]
[Result "0-1"]
[WhiteElo "2078"]
[BlackElo "2278"]
[PlyCount "48"]
[EventDate "2000.07.15"]
[Source "ChessBase"]
[SourceDate "1999.11.18"]

1. d4 Nf6 2. c4 e5 3. dxe5 Ng4 4. Nf3 Bc5 5. e3 Nc6 6. Be2 Ngxe5 7. Nxe5 Nxe5
8. O-O O-O 9. Nc3 d6 10. b3 Bd7 11. Bb2 Qh4 12. Nd5 c6 13. Bxe5 dxe5 14. Nf6+
Qxf6 15. Qxd7 Rad8 16. Qxb7 Rd2 17. Bf3 e4 18. Bxe4 Rxf2 19. Bf3 Bxe3 20. Kh1
Bf4 21. Qxa7 Qh4 22. h3 Qg3 23. Kg1 Re8 24. Rfd1 Rxf3 0-1

[Event "Bolzano op"]
[Site "Bolzano"]
[Date "2000.07.16"]
[Round "2"]
[White "Skembris, Spyridon"]
[Black "Sax, Gyula"]
[Result "0-1"]
[WhiteElo "2481"]
[BlackElo "2609"]
[PlyCount "86"]
[EventDate "2000.07.15"]
[Source "ChessBase"]
[SourceDate "1999.11.18"]

1. d4 Nf6 2. c4 e6 3. Nf3 b6 4. g3 Ba6 5. Qa4 Bb7 6. Bg2 c5 7. dxc5 Bxc5 8. Nc3
O-O 9. O-O Be7 10. Rd1 Qc8 11. Bf4 Na6 12. Rac1 Nc5 13. Qc2 Nce4 14. Nxe4 Bxe4
15. Qd2 Qa6 16. a3 Rac8 17. Bg5 h6 18. Bxf6 Bxf6 19. Qb4 d5 20. Nd2 Bxg2 21.
Kxg2 Rfd8 22. cxd5 Rxc1 23. Rxc1 Qxe2 24. Ne4 Bxb2 25. Re1 Bxa3 26. Qc3 Qb2 27.
Qc7 Rxd5 28. Re3 Bf8 29. Qxa7 f5 30. Nc3 Rd2 31. Rf3 Bc5 32. Ne4 Rc2 33. Nxc5
bxc5 34. Qa4 Re2 35. h4 Qf6 36. Qe8+ Qf8 37. Qc6 Re5 38. Ra3 Kh7 39. Ra7 f4 40.
g4 h5 41. Qc7 f3+ 42. Kg3 Re4 43. gxh5 Qf6 0-1

[Event "Bolzano op"]
[Site "Bolzano"]
[Date "2000.07.16"]
[Round "2"]
[White "Timoscenko, Genadij"]
[Black "Luban, Peter"]
[Result "1-0"]
[WhiteElo "2519"]
[BlackElo "2131"]
[PlyCount "89"]
[EventDate "2000.07.15"]
[Source "ChessBase"]
[SourceDate "1999.11.18"]

1. d4 Nf6 2. c4 g6 3. Nc3 Bg7 4. e4 d6 5. Nf3 Bg4 6. Be2 Bxf3 7. Bxf3 Nfd7 8.
Be3 Nc6 9. d5 Nce5 10. Be2 Nb6 11. c5 dxc5 12. Bxc5 O-O 13. Qb3 Ned7 14. Be3
Rc8 15. a4 c5 16. a5 Na8 17. Qxb7 Rb8 18. Qxa7 Rxb2 19. Ra3 Qc8 20. Ba6 Qb8 21.
Qxb8 Rfxb8 22. O-O Nc7 23. Bc4 Ra8 24. Rc1 Na6 25. Na4 Rb4 26. Bd2 Rbb8 27.
Bxa6 Rxa6 28. Nxc5 Nxc5 29. Rxc5 Rb1+ 30. Rc1 Rxc1+ 31. Bxc1 Be5 32. Kf1 Kf8
33. Ke2 Ke8 34. Bd2 Bc7 35. Rb3 Ra7 36. Rb5 h5 37. f4 f6 38. g3 Kd7 39. Bc3 Bd8
40. Kd3 Bc7 41. Kc4 h4 42. Kb4 hxg3 43. hxg3 Kc8 44. e5 fxe5 45. Bxe5 1-0

[Event "Bolzano op"]
[Site "Bolzano"]
[Date "2000.07.16"]
[Round "2"]
[White "Voiska, Margarita"]
[Black "Gyimesi, Zoltan"]
[Result "1/2-1/2"]
[WhiteElo "2366"]
[BlackElo "2518"]
[PlyCount "81"]
[EventDate "2000.07.15"]
[Source "ChessBase"]
[SourceDate "1999.11.18"]

1. c4 e5 2. g3 c6 3. Bg2 d5 4. cxd5 cxd5 5. Qb3 Nf6 6. d3 Nc6 7. Nc3 Nd4 8. Qd1
h6 9. Nf3 Nxf3+ 10. exf3 Bd6 11. O-O O-O 12. Re1 Be6 13. Nb5 Bb8 14. d4 e4 15.
Nc3 exf3 16. Bxf3 Qd7 17. Be3 Bd6 18. a3 Rfd8 19. Qd2 Rac8 20. Bf4 Bxf4 21.
Qxf4 Qd6 22. Qxd6 Rxd6 23. Rac1 Rdc6 24. Na2 Rc4 25. Red1 Rc2 26. Nc3 Rxb2 27.
Nxd5 Nxd5 28. Rxc8+ Bxc8 29. Bxd5 Bh3 30. Bg2 Bxg2 31. Kxg2 Rc2 32. a4 Kf8 33.
Rb1 b6 34. a5 bxa5 35. Rb7 a6 36. Rb6 a4 37. Rxa6 Rc4 38. d5 Ke7 39. Kf3 Rd4
40. Ke3 Rxd5 41. Rxa4 1/2-1/2

[Event "Bolzano op"]
[Site "Bolzano"]
[Date "2000.07.16"]
[Round "3"]
[White "Bertagnolli, Alexander"]
[Black "Baquero, Luis A"]
[Result "0-1"]
[WhiteElo "2191"]
[BlackElo "2303"]
[PlyCount "84"]
[EventDate "2000.07.15"]
[Source "ChessBase"]
[SourceDate "1999.11.18"]

1. e4 e6 2. b3 d5 3. Bb2 Nf6 4. e5 Nfd7 5. f4 c5 6. Nc3 Nc6 7. Bb5 Qb6 8. Bxc6
Qxc6 9. Qe2 a6 10. Nf3 b5 11. d4 b4 12. Nd1 a5 13. Ne3 Ba6 14. Qd2 g6 15. O-O-O
c4 16. bxc4 Bxc4 17. Nxc4 Qxc4 18. Kb1 Nb6 19. Qd3 Qc6 20. f5 gxf5 21. g4 fxg4
22. Ng5 Be7 23. Nxh7 Na4 24. h3 Nxb2 25. Kxb2 Qc3+ 26. Qxc3 bxc3+ 27. Kxc3 Rxh7
28. hxg4 Rxh1 29. Rxh1 Rc8+ 30. Kd3 Rc4 31. Rh8+ Bf8 32. Rh1 Bb4 33. Rh8+ Ke7
34. c3 Rxc3+ 35. Ke2 Ba3 36. g5 Rc2+ 37. Kf3 Rc3+ 38. Kg4 Rd3 39. Ra8 Bc1 40.
Ra7+ Kf8 41. Kh5 Rh3+ 42. Kg4 Rh1 0-1

[Event "Bolzano op"]
[Site "Bolzano"]
[Date "2000.07.16"]
[Round "3"]
[White "De Eccher, Stefano"]
[Black "Skembris, Spyridon"]
[Result "0-1"]
[WhiteElo "2256"]
[BlackElo "2481"]
[PlyCount "88"]
[EventDate "2000.07.15"]
[Source "ChessBase"]
[SourceDate "1999.11.18"]

1. e4 e5 2. Nf3 Nc6 3. Nc3 Nf6 4. d4 exd4 5. Nd5 Nxd5 6. exd5 Bb4+ 7. Bd2 Qe7+
8. Qe2 Bxd2+ 9. Kxd2 Qxe2+ 10. Bxe2 Ne7 11. d6 cxd6 12. Nxd4 a6 13. Rhe1 Kd8
14. Bf3 g6 15. Re3 Nc6 16. c3 Re8 17. Rae1 Rxe3 18. Rxe3 Ne7 19. Ne2 a5 20. Nf4
Rb8 21. Nd5 Nf5 22. Re1 b5 23. Nf6 Ng7 24. Nxh7 Ne6 25. Nf6 Ke7 26. Nd5+ Kd8
27. Nf6 Ba6 28. b3 b4 29. cxb4 axb4 30. Re4 Rb5 31. Be2 Rf5 32. Bxa6 Rxf6 33.
Rxb4 Rxf2+ 34. Be2 Nf4 35. Ke3 Rxe2+ 36. Kxf4 Rxa2 37. Kf3 Rb2 38. Rb8+ Ke7 39.
h3 d5 40. Rb5 Kd6 41. h4 d4 42. g4 Rh2 43. Kg3 d3 44. Ra5 Rh1 0-1

[Event "Bolzano op"]
[Site "Bolzano"]
[Date "2000.07.16"]
[Round "3"]
[White "Godena, Michele"]
[Black "Voiska, Margarita"]
[Result "1/2-1/2"]
[WhiteElo "2487"]
[BlackElo "2366"]
[PlyCount "46"]
[EventDate "2000.07.15"]
[Source "ChessBase"]
[SourceDate "1999.11.18"]

1. e4 g6 2. d4 Bg7 3. Nf3 d6 4. Bc4 e6 5. Nc3 Ne7 6. Bf4 a6 7. Ne2 Nd7 8. Bb3
b6 9. c3 Bb7 10. Ng3 h6 11. Qe2 Nf6 12. Rd1 d5 13. e5 Nd7 14. O-O a5 15. Rfe1
Ba6 16. Qd2 c5 17. dxc5 Nxc5 18. Bc2 Qc7 19. Nd4 Nc6 20. h4 Rc8 21. Nf3 b5 22.
b4 Nd7 23. Bd3 Nb6 1/2-1/2

[Event "Bolzano op"]
[Site "Bolzano"]
[Date "2000.07.16"]
[Round "3"]
[White "Gyimesi, Zoltan"]
[Black "Farago, Ivan"]
[Result "1/2-1/2"]
[WhiteElo "2518"]
[BlackElo "2467"]
[PlyCount "41"]
[EventDate "2000.07.15"]
[Source "ChessBase"]
[SourceDate "1999.11.18"]

1. Nf3 Nf6 2. d4 e6 3. g3 b6 4. Bg2 Bb7 5. O-O Be7 6. c4 O-O 7. Nc3 Ne4 8. Qc2
Nxc3 9. Qxc3 c5 10. Qc2 Qc8 11. dxc5 bxc5 12. Rd1 d6 13. Bg5 Qc7 14. Bxe7 Qxe7
15. b3 Nc6 16. Rd2 Rfd8 17. Rad1 h6 18. e3 a5 19. Ne1 Nb4 20. Qc3 Bxg2 21. Kxg2
1/2-1/2

[Event "Bolzano op"]
[Site "Bolzano"]
[Date "2000.07.16"]
[Round "3"]
[White "Khenkin, Igor"]
[Black "Rotstein, Arkadij"]
[Result "1/2-1/2"]
[WhiteElo "2622"]
[BlackElo "2441"]
[PlyCount "25"]
[EventDate "2000.07.15"]
[Source "ChessBase"]
[SourceDate "1999.11.18"]

1. d4 Nf6 2. c4 c5 3. d5 e5 4. Nc3 d6 5. e4 Be7 6. h3 Nbd7 7. Be3 h5 8. Bd3 h4
9. Qd2 Nh5 10. Nge2 Nf8 11. Rb1 Ng6 12. O-O Bf6 13. Nd1 1/2-1/2

[Event "Bolzano op"]
[Site "Bolzano"]
[Date "2000.07.16"]
[Round "3"]
[White "Kowalczyk, Martin"]
[Black "Astengo, Marcello"]
[Result "1-0"]
[WhiteElo "2120"]
[BlackElo "2032"]
[PlyCount "71"]
[EventDate "2000.07.15"]
[Source "ChessBase"]
[SourceDate "1999.11.18"]

1. e4 e6 2. d4 d5 3. e5 c5 4. c3 Nc6 5. Nf3 Bd7 6. a3 Rc8 7. b4 cxd4 8. cxd4
Qb6 9. Be2 Nge7 10. O-O Nf5 11. Bb2 Be7 12. Qd2 O-O 13. Rd1 f6 14. g4 Nh6 15.
exf6 Rxf6 16. g5 Rg6 17. h4 Qd8 18. b5 Na5 19. Ne5 Nf5 20. Nxg6 hxg6 21. Qf4
Bd6 22. Qg4 Nc4 23. Bxc4 Rxc4 24. a4 e5 25. Qg2 e4 26. Qh1 Qa5 27. h5 Rxa4 28.
Nc3 Bxb5 29. hxg6 Rxa1 30. Qh7+ Kf8 31. Rxa1 Qb6 32. Qh8+ Ke7 33. Nxd5+ Ke6 34.
Nxb6 axb6 35. Qc8+ Bd7 36. Qxb7 1-0

[Event "Bolzano op"]
[Site "Bolzano"]
[Date "2000.07.16"]
[Round "3"]
[White "Mrdja, Milan"]
[Black "Schacher, Gerd"]
[Result "1-0"]
[WhiteElo "2425"]
[BlackElo "2245"]
[PlyCount "109"]
[EventDate "2000.07.15"]
[Source "ChessBase"]
[SourceDate "1999.11.18"]

1. e4 c5 2. Nf3 d6 3. d4 cxd4 4. Nxd4 Nf6 5. Nc3 a6 6. Bg5 e6 7. f4 Be7 8. Qf3
Qa5 9. O-O-O Bd7 10. g4 Nc6 11. Nb3 Qc7 12. Bh4 h6 13. Rg1 g5 14. Bg3 gxf4 15.
Bxf4 Ne5 16. Qe2 Rc8 17. h3 b5 18. a3 Nc4 19. Rg3 a5 20. Kb1 b4 21. Qxc4 Qxc4
22. Bxc4 bxc3 23. Bd3 a4 24. Na5 e5 25. Bc1 Ra8 26. Nc4 cxb2 27. Bd2 Bc6 28.
Bb4 Nxe4 29. Bxe4 Bxe4 30. Nxd6+ Bxd6 31. Rxd6 Rc8 32. Re3 Bxc2+ 33. Kxb2 O-O
34. Rd2 Bg6 35. Bxf8 Kxf8 36. Rxe5 Rb8+ 37. Ka2 Rb3 38. Ra5 Rxh3 39. Rxa4 h5
40. gxh5 Bxh5 41. Rb4 f5 42. Rb7 Bf7+ 43. Kb2 f4 44. Rd8+ Be8 45. Rd4 Rh2+ 46.
Kc1 Rf2 47. a4 f3 48. Rf4+ Kg8 49. Rb8 Re2 50. Rxf3 Kg7 51. Rb4 Bg6 52. Rg4
Rc2+ 53. Kd1 Rc6 54. Rfg3 Kf7 55. Rxg6 1-0

[Event "Bolzano op"]
[Site "Bolzano"]
[Date "2000.07.16"]
[Round "3"]
[White "Mukic, Josko"]
[Black "Drabke, Lorenz"]
[Result "1/2-1/2"]
[WhiteElo "2278"]
[BlackElo "2149"]
[PlyCount "82"]
[EventDate "2000.07.15"]
[Source "ChessBase"]
[SourceDate "1999.11.18"]

1. d4 d5 2. Bg5 h6 3. Bh4 c6 4. Nf3 Qb6 5. b3 Bf5 6. e3 Nd7 7. Bd3 Bxd3 8. Qxd3
Ngf6 9. O-O e6 10. c4 Be7 11. Nc3 O-O 12. c5 Qd8 13. b4 b6 14. a4 Qc8 15. a5 b5
16. Ne5 Qc7 17. f4 Rae8 18. h3 Nh7 19. Bxe7 Rxe7 20. e4 Ree8 21. exd5 exd5 22.
Rae1 Re7 23. Re2 Rfe8 24. Rfe1 Nhf8 25. Nxc6 Rxe2 26. Rxe2 Rxe2 27. Qxe2 Qxc6
28. Qxb5 Qf6 29. Ne2 Qd8 30. c6 Nf6 31. Qb7 Ne6 32. Ng3 Qc7 33. Ne2 Ne4 34. f5
Nd6 35. Qa8+ Nd8 36. Nc3 Kh7 37. b5 Nxf5 38. Nxd5 Qxa5 39. c7 Qe1+ 40. Kh2 Qg3+
41. Kg1 Qe1+ 1/2-1/2

[Event "Bolzano op"]
[Site "Bolzano"]
[Date "2000.07.16"]
[Round "3"]
[White "Ortega, Lexy"]
[Black "Timoscenko, Genadij"]
[Result "1/2-1/2"]
[WhiteElo "2479"]
[BlackElo "2519"]
[PlyCount "20"]
[EventDate "2000.07.15"]
[Source "ChessBase"]
[SourceDate "1999.11.18"]

1. d4 d5 2. c4 e6 3. Nc3 Be7 4. Nf3 Nf6 5. cxd5 exd5 6. Bg5 c6 7. Qc2 g6 8. e4
dxe4 9. Nxe4 Nxe4 10. Qxe4 Be6 1/2-1/2

[Event "Bolzano op"]
[Site "Bolzano"]
[Date "2000.07.16"]
[Round "3"]
[White "Sax, Gyula"]
[Black "Banikas, Hristos"]
[Result "1-0"]
[WhiteElo "2609"]
[BlackElo "2535"]
[PlyCount "77"]
[EventDate "2000.07.15"]
[Source "ChessBase"]
[SourceDate "1999.11.18"]

1. e4 c5 2. Nf3 Nc6 3. d4 cxd4 4. Nxd4 Qc7 5. Nc3 e6 6. Be3 a6 7. f4 b5 8. Bd3
Bb7 9. Nb3 Nf6 10. O-O h5 11. h3 d6 12. Qe1 Be7 13. Nd4 Rc8 14. Nf3 Nb8 15. a3
Nbd7 16. Bf2 Qb8 17. Bh4 Bd8 18. Kh1 Nc5 19. b4 Ncd7 20. a4 bxa4 21. Nxa4 Bc6
22. Nd4 Bb7 23. Nf3 g6 24. c4 Ba8 25. Rb1 a5 26. bxa5 Qa7 27. Nb6 Rc5 28. Nxd7
Nxd7 29. Bxd8 Kxd8 30. Rb5 Bc6 31. Rxc5 Nxc5 32. Bc2 Kc7 33. Qc3 Rd8 34. Nd4
Ra8 35. Ra1 Qa6 36. e5 dxe5 37. fxe5 Bd7 38. Qb4 Rb8 39. Qxc5+ 1-0

[Event "Bolzano op"]
[Site "Bolzano"]
[Date "2000.07.17"]
[Round "4"]
[White "Astengo, Marcello"]
[Black "Ruzzier, Dario"]
[Result "1-0"]
[WhiteElo "2032"]
[BlackElo "2080"]
[PlyCount "80"]
[EventDate "2000.07.15"]
[Source "ChessBase"]
[SourceDate "1999.11.18"]

1. d4 d5 2. Nf3 Nf6 3. Bf4 c5 4. c3 Nc6 5. e3 Qb6 6. Qb3 c4 7. Qxb6 axb6 8. Na3
e5 9. Nb5 Ra5 10. Nc7+ Kd8 11. dxe5 Nh5 12. Nxd5 Rxd5 13. Bxc4 Nxf4 14. exf4
Rd7 15. O-O Na5 16. Bb5 Nc6 17. Ng5 Re7 18. Bc4 Ke8 19. Rad1 Bf5 20. Rd2 f6 21.
exf6 gxf6 22. Nf3 Bh6 23. Nh4 Bxf4 24. Rdd1 Be6 25. Bxe6 Rxe6 26. Nf5 Rg8 27.
g3 h5 28. Kh1 Bc7 29. Ne3 Rg5 30. Nd5 Bd8 31. Nf4 Ree5 32. Rd6 Be7 33. Rd2 Ra5
34. a3 Rae5 35. h4 Rg4 36. Rfd1 Rg7 37. Rd7 Bf8 38. R7d5 Rge7 39. Nxh5 Rxd5 40.
Rxd5 Re6 1-0

[Event "Bolzano op"]
[Site "Bolzano"]
[Date "2000.07.17"]
[Round "4"]
[White "Baquero, Luis A"]
[Black "Gyimesi, Zoltan"]
[Result "0-1"]
[WhiteElo "2303"]
[BlackElo "2518"]
[PlyCount "102"]
[EventDate "2000.07.15"]
[Source "ChessBase"]
[SourceDate "1999.11.18"]

1. d4 Nf6 2. c4 e6 3. Nf3 d5 4. g3 dxc4 5. Qa4+ Nbd7 6. Bg2 a6 7. Qxc4 b5 8.
Qc6 Rb8 9. Bf4 Nd5 10. Bg5 Be7 11. Qc1 Bb7 12. O-O Rc8 13. Bxe7 Qxe7 14. Nc3
O-O 15. Nxd5 Bxd5 16. Qd2 c5 17. dxc5 Nxc5 18. Rfc1 Qf6 19. Qd4 Na4 20. b3 Nc3
21. Qxf6 gxf6 22. Kf1 Nxa2 23. Rxc8 Rxc8 24. Rxa2 Rc1+ 25. Ne1 Bxg2+ 26. Kxg2
Rxe1 27. Kf3 Rb1 28. Rxa6 Rxb3+ 29. Ke4 Rc3 30. Rb6 Rc5 31. g4 f5+ 32. gxf5
Rxf5 33. f4 Kf8 34. Kf3 Ke7 35. e4 Rc5 36. e5 Kf8 37. Kg4 Kg7 38. h4 Rd5 39. h5
h6 40. Rb7 Kf8 41. Rb8+ Ke7 42. Rb7+ Ke8 43. Rb8+ Kd7 44. Rb7+ Kc6 45. Rxf7 b4
46. Ra7 b3 47. Ra1 b2 48. Rb1 Rb5 49. Kh4 Rb4 50. Kg3 Kb5 51. Kf3 Ka4 0-1

[Event "Bolzano op"]
[Site "Bolzano"]
[Date "2000.07.17"]
[Round "4"]
[White "Drabke, Lorenz"]
[Black "Godena, Michele"]
[Result "1-0"]
[WhiteElo "2149"]
[BlackElo "2487"]
[PlyCount "74"]
[EventDate "2000.07.15"]
[Source "ChessBase"]
[SourceDate "1999.11.18"]

1. e4 c5 2. Nc3 e6 3. Nf3 a6 4. d4 cxd4 5. Nxd4 b5 6. g3 Bb7 7. Bg2 Nf6 8. O-O
d6 9. Re1 Qd7 10. Bh3 Be7 11. Nd5 Nxd5 12. exd5 Bxd5 13. Nf5 Nc6 14. Nxg7+ Kd8
15. Bg2 Bxg2 16. Kxg2 Ne5 17. Kg1 Rc8 18. Nh5 Rc5 19. Bf4 Rd5 20. Qe2 Qc6 21.
Bxe5 Rxe5 22. Qg4 Rxe1+ 23. Rxe1 Qxc2 24. Qd4 Rf8 25. Qb6+ Kd7 26. Qxa6 Qc6 27.
Qa7+ Qc7 28. Qe3 Qc5 29. Qf3 Qc6 30. Qf4 f5 31. Qe3 Qd5 32. Nf4 Qc4 33. Nxe6
Re8 34. Ng7 f4 35. gxf4 Rg8 36. Qxe7+ Kc6 37. Re6 Qc1+ 1-0

[Event "Bolzano op"]
[Site "Bolzano"]
[Date "2000.07.17"]
[Round "4"]
[White "Epishin, Vladimir"]
[Black "Banikas, Hristos"]
[Result "1-0"]
[WhiteElo "2667"]
[BlackElo "2535"]
[PlyCount "61"]
[EventDate "2000.07.15"]
[Source "ChessBase"]
[SourceDate "1999.11.18"]

1. d4 Nf6 2. c4 g6 3. Nc3 Bg7 4. e4 d6 5. Nf3 O-O 6. Be2 e5 7. O-O Nc6 8. d5
Ne7 9. b4 a5 10. Ba3 Nh5 11. c5 axb4 12. Bxb4 Nf4 13. Rc1 Bg4 14. h3 Bh5 15.
Nh2 Bxe2 16. Nxe2 Rxa2 17. Nxf4 exf4 18. Nf3 Qd7 19. Re1 Rfa8 20. cxd6 cxd6 21.
e5 dxe5 22. Nxe5 Bxe5 23. Rxe5 Nf5 24. d6 Rb2 25. Rc7 Qd8 26. Rxf5 Qh4 27. Qd4
Rxf2 28. Qxf2 Ra1+ 29. Qf1 Rxf1+ 30. Kxf1 Qg3 31. Bc3 1-0

[Event "Bolzano op"]
[Site "Bolzano"]
[Date "2000.07.17"]
[Round "4"]
[White "Rotstein, Arkadij"]
[Black "Sax, Gyula"]
[Result "0-1"]
[WhiteElo "2441"]
[BlackElo "2609"]
[PlyCount "54"]
[EventDate "2000.07.15"]
[Source "ChessBase"]
[SourceDate "1999.11.18"]

1. c4 Nf6 2. Nf3 c5 3. d4 cxd4 4. Nxd4 e6 5. g3 Qb6 6. Nc3 Nc6 7. Nb3 Ne5 8. e4
Bb4 9. Qe2 d6 10. Bd2 O-O 11. f4 Nc6 12. O-O-O e5 13. f5 Nd4 14. Nxd4 exd4 15.
Nd5 Nxd5 16. cxd5 Re8 17. Qf3 Bd7 18. Bxb4 Ba4 19. b3 Qxb4 20. Kb2 Rac8 21. Qd3
Rc3 22. Qxd4 Rxb3+ 23. axb3 Qxb3+ 24. Ka1 Rc8 25. Bd3 Qa3+ 26. Kb1 Bxd1 27.
Rxd1 Qb3+ 0-1

[Event "Bolzano op"]
[Site "Bolzano"]
[Date "2000.07.17"]
[Round "4"]
[White "Schacher, Gerd"]
[Black "Kowalczyk, Martin"]
[Result "1-0"]
[WhiteElo "2245"]
[BlackElo "2120"]
[PlyCount "89"]
[EventDate "2000.07.15"]
[Source "ChessBase"]
[SourceDate "1999.11.18"]

1. c4 Nf6 2. Nc3 c5 3. g3 Nc6 4. Bg2 e6 5. Nf3 Be7 6. O-O d5 7. cxd5 exd5 8. d4
h6 9. dxc5 Bxc5 10. Nd2 Be6 11. Nb3 Bb6 12. Na4 O-O 13. Nxb6 axb6 14. Be3 Ra6
15. h3 Qd7 16. Kh2 Rfa8 17. a3 Qc7 18. Rc1 Qe5 19. Bd4 Nxd4 20. Nxd4 Bd7 21. e3
h5 22. Kg1 g6 23. Qb3 Ne4 24. Nf3 Qd6 25. Qd3 Nc5 26. Qc3 f6 27. Rfd1 Ba4 28.
Re1 Bb5 29. Bf1 Bxf1 30. Rxf1 Qe6 31. Kh2 Ra4 32. Rcd1 g5 33. Nd4 Qe4 34. Nb5
Qf3 35. b4 Ne4 36. Qc2 h4 37. g4 Ng3 38. fxg3 hxg3+ 39. Kg1 Qxe3+ 40. Kh1 Rxa3
41. Nxa3 Rxa3 42. Qd2 Qe4+ 43. Qg2 Ra2 44. Qxe4 dxe4 45. Rxf6 1-0